Statistiche per Capitali mondiali più vicine a Singapore

Clicka qui per fare il quiz!

Statistiche generali

  • Questo quiz è stato fatto 13 volte
  • Il punteggio medio è 12 su 20

Statistiche sulle risposte

kmcapitale% Corretto
4465Pechino
100%
2198Hanoi
92%
4142Nuova Delhi
83%
1426Bangkok
75%
902Giacarta
75%
3250Taipei
75%
2881Dacca
67%
3530Kathmandu
67%
309Kuala Lumpur
67%
2391Manila
67%
2652Dili
50%
1296Bandar Seri Begawan
42%
4813Islamabad
42%
3380Malé
42%
1142Phnom Penh
42%
3274Thimphu
42%
1855Vientiane
42%
2720Colombo
33%
2210Naypyidaw
33%
3481Ngerulmud
17%

Distribuzione punteggi

Percentile per numero di risposta

Percentuale di utenti per punteggio

I tuoi punteggi nel tempo

Non hai fatto questo quiz